Finančné inštitúcie v historickom vývoji a ich postavenie vo vybranom období
Zachytenie obdobia vzniku a ranného pôsobenia v poradí druhej centrálnej banky Spojených štátov amerických. Charakteristika politicko-spoločenskej situácie a hospodársky stav krajiny, ktorý vytvoril potrebu opätovného vytvorenia centrálnej banky. Popis základných parametrov a ciele Second Bank of th...
Enregistré dans:
| Auteur principal: | |
|---|---|
| Format: | Chapitre de livre |
| Langue: | slovaque |
| Sujets: | |
| Tags: |
Pas de tags, Soyez le premier à ajouter un tag!
|
MARC
| LEADER | 00000nla a2200000 4500 | ||
|---|---|---|---|
| 001 | 0242124 | ||
| 005 | 20260205071148.5 | ||
| 041 | 0 | |a slo | |
| 044 | |a SK | ||
| 245 | 1 | 0 | |a Finančné inštitúcie v historickom vývoji a ich postavenie vo vybranom období |c Peter Baláži |
| 520 | |a Zachytenie obdobia vzniku a ranného pôsobenia v poradí druhej centrálnej banky Spojených štátov amerických. Charakteristika politicko-spoločenskej situácie a hospodársky stav krajiny, ktorý vytvoril potrebu opätovného vytvorenia centrálnej banky. Popis základných parametrov a ciele Second Bank of the United States. Konkrétne kroky a opatrenia, ktoré centrálna banka po svojom vzniku uskutočnila. Zhodnotenie pôsobenia oboch guvernérov a následky ich politík na hospodársko-spoločenskú situáciu v Spojených štátoch amerických v nasledujúcom období, teda v druhej polovici 20-tych rokov 19. storočia. | ||
| 610 | 2 | 0 | |a banky centrálne |
| 610 | 2 | 0 | |a USA |
| 610 | 2 | 0 | |a inštitúcie finančné |
| 610 | 2 | 0 | |a história |
| 610 | 2 | 0 | |a sústava banková |
| 610 | 2 | 0 | |a sústava finančná |
| 100 | 1 | |a Baláži, Peter | |